<?xml version="1.0" encoding="UTF-8"?>
<record
    xmlns:xsi="http://www.w3.org/2001/XMLSchema-instance"
    xsi:schemaLocation="http://www.loc.gov/MARC21/slim http://www.loc.gov/standards/marcxml/schema/MARC21slim.xsd"
    xmlns="http://www.loc.gov/MARC21/slim">

  <leader>01375nam a22002895a 4500</leader>
  <controlfield tag="003">OSt</controlfield>
  <controlfield tag="005">20170208122343.0</controlfield>
  <controlfield tag="008">170208s2012    ua     frb    000 0 ara d</controlfield>
  <datafield tag="015" ind1=" " ind2=" ">
    <subfield code="a">2011 / 9321</subfield>
  </datafield>
  <datafield tag="020" ind1=" " ind2=" ">
    <subfield code="z">20119321</subfield>
  </datafield>
  <datafield tag="040" ind1=" " ind2=" ">
    <subfield code="a">EG-ScBUE</subfield>
    <subfield code="b">ara</subfield>
    <subfield code="c">EG-ScBUE</subfield>
  </datafield>
  <datafield tag="043" ind1=" " ind2=" ">
    <subfield code="a">f-ua---</subfield>
  </datafield>
  <datafield tag="082" ind1="0" ind2="4">
    <subfield code="a">344.6204194</subfield>
    <subfield code="b">&#x634; &#x647;&#x640; &#x627;</subfield>
    <subfield code="2">22</subfield>
  </datafield>
  <datafield tag="100" ind1="1" ind2=" ">
    <subfield code="a">&#x634;&#x647;&#x627;&#x648;&#x64A;&#x60C; &#x639;&#x627;&#x62F;&#x644;.</subfield>
  </datafield>
  <datafield tag="245" ind1="1" ind2="0">
    <subfield code="a">&#x634;&#x631;&#x62D; &#x642;&#x627;&#x646;&#x648;&#x646; &#x62A;&#x646;&#x638;&#x64A;&#x645; &#x632;&#x631;&#x639; &#x627;&#x644;&#x623;&#x639;&#x636;&#x627;&#x621; &#x627;&#x644;&#x628;&#x634;&#x631;&#x64A;&#x629; &#x631;&#x642;&#x645; 5 &#x644;&#x633;&#x646;&#x629; 2010 /</subfield>
    <subfield code="c">&#x639;&#x627;&#x62F;&#x644; &#x627;&#x644;&#x634;&#x647;&#x627;&#x648;&#x64A;&#x60C; &#x645;&#x62D;&#x645;&#x62F; &#x627;&#x644;&#x634;&#x647;&#x627;&#x648;&#x64A;.</subfield>
  </datafield>
  <datafield tag="246" ind1="3" ind2=" ">
    <subfield code="a">&#x634;&#x631;&#x62D; &#x642;&#x627;&#x646;&#x648;&#x646; &#x62A;&#x646;&#x638;&#x64A;&#x645; &#x632;&#x631;&#x627;&#x639;&#x629; &#x627;&#x644;&#x623;&#x639;&#x636;&#x627;&#x621; &#x627;&#x644;&#x628;&#x634;&#x631;&#x64A;&#x629; &#x631;&#x642;&#x645; &#x62E;&#x645;&#x633;&#x629; &#x644;&#x633;&#x646;&#x629; &#x623;&#x644;&#x641;&#x64A;&#x646; &#x648;&#x639;&#x634;&#x631;&#x629;</subfield>
  </datafield>
  <datafield tag="250" ind1=" " ind2=" ">
    <subfield code="a">&#x637;. 1.</subfield>
  </datafield>
  <datafield tag="260" ind1=" " ind2=" ">
    <subfield code="a">&#x627;&#x644;&#x642;&#x627;&#x647;&#x631;&#x629; :</subfield>
    <subfield code="b">&#x62F;&#x627;&#x631; &#x627;&#x644;&#x646;&#x647;&#x636;&#x629; &#x627;&#x644;&#x639;&#x631;&#x628;&#x64A;&#x629;&#x60C;</subfield>
    <subfield code="c">2012.</subfield>
  </datafield>
  <datafield tag="300" ind1=" " ind2=" ">
    <subfield code="a">325 &#x635;. &#x61B;</subfield>
    <subfield code="c">24 &#x633;&#x645;.</subfield>
  </datafield>
  <datafield tag="504" ind1=" " ind2=" ">
    <subfield code="a">&#x64A;&#x634;&#x62A;&#x645;&#x644; &#x639;&#x644;&#x649; &#x625;&#x631;&#x62C;&#x627;&#x639;&#x627;&#x62A; &#x628;&#x628;&#x644;&#x64A;&#x648;&#x62C;&#x631;&#x627;&#x641;&#x64A;&#x629;.</subfield>
  </datafield>
  <datafield tag="505" ind1="0" ind2=" ">
    <subfield code="a">&#x627;&#x644;&#x646;&#x635;&#x648;&#x635; &#x627;&#x644;&#x642;&#x627;&#x646;&#x648;&#x646;&#x64A;&#x629; -- &#x627;&#x644;&#x645;&#x628;&#x627;&#x62F;&#x626; &#x627;&#x644;&#x642;&#x636;&#x627;&#x626;&#x64A;&#x629; -- &#x627;&#x644;&#x623;&#x62D;&#x643;&#x627;&#x645; &#x627;&#x644;&#x625;&#x62C;&#x631;&#x627;&#x626;&#x64A;&#x629; -- &#x627;&#x644;&#x642;&#x631;&#x627;&#x631;&#x627;&#x62A; &#x627;&#x644;&#x648;&#x632;&#x627;&#x631;&#x64A;&#x629; -- &#x627;&#x644;&#x623;&#x639;&#x645;&#x627;&#x644; &#x627;&#x644;&#x62A;&#x62D;&#x636;&#x64A;&#x631;&#x64A;&#x629; -- &#x627;&#x644;&#x642;&#x64A;&#x648;&#x62F; &#x648;&#x627;&#x644;&#x623;&#x648;&#x635;&#x627;&#x641; -- &#x627;&#x644;&#x622;&#x631;&#x627;&#x621; &#x627;&#x644;&#x641;&#x642;&#x647;&#x64A;&#x629; -- &#x627;&#x644;&#x643;&#x62A;&#x628; &#x627;&#x644;&#x62F;&#x648;&#x631;&#x64A;&#x629;.</subfield>
  </datafield>
  <datafield tag="650" ind1=" " ind2="7">
    <subfield code="a">&#x632;&#x631;&#x627;&#x639;&#x629; &#x627;&#x644;&#x623;&#x639;&#x636;&#x627;&#x621; &#x648;&#x627;&#x644;&#x623;&#x646;&#x633;&#x62C;&#x629;</subfield>
    <subfield code="x">&#x642;&#x648;&#x627;&#x646;&#x64A;&#x646; &#x648;&#x62A;&#x634;&#x631;&#x64A;&#x639;&#x627;&#x62A;</subfield>
    <subfield code="z">&#x645;&#x635;&#x631;.</subfield>
    <subfield code="2">BUEsh</subfield>
    <subfield code="9">41144</subfield>
  </datafield>
  <datafield tag="651" ind1=" " ind2=" ">
    <subfield code="2">BUEsh</subfield>
  </datafield>
  <datafield tag="653" ind1=" " ind2=" ">
    <subfield code="b">LLAAWW</subfield>
    <subfield code="c">February2017</subfield>
  </datafield>
  <datafield tag="700" ind1="1" ind2=" ">
    <subfield code="a">&#x634;&#x647;&#x627;&#x648;&#x64A;&#x60C; &#x645;&#x62D;&#x645;&#x62F;.</subfield>
  </datafield>
  <datafield tag="942" ind1=" " ind2=" ">
    <subfield code="2">ddc</subfield>
  </datafield>
  <datafield tag="999" ind1=" " ind2=" ">
    <subfield code="c">24091</subfield>
    <subfield code="d">24063</subfield>
  </datafield>
  <datafield tag="952" ind1=" " ind2=" ">
    <subfield code="0">0</subfield>
    <subfield code="1">0</subfield>
    <subfield code="2">ddc</subfield>
    <subfield code="4">0</subfield>
    <subfield code="7">0</subfield>
    <subfield code="8">DarN.AR.</subfield>
    <subfield code="a">MAIN</subfield>
    <subfield code="b">MAIN</subfield>
    <subfield code="c">1ST</subfield>
    <subfield code="d">2017-02-08</subfield>
    <subfield code="e">Purchase</subfield>
    <subfield code="g">55.00</subfield>
    <subfield code="h">2815</subfield>
    <subfield code="o">344.6204194 &#x634; &#x647;&#x640; &#x627;</subfield>
    <subfield code="p">000045392</subfield>
    <subfield code="r">2025-07-15 00:00:00</subfield>
    <subfield code="s">2023-11-15</subfield>
    <subfield code="v">68.75</subfield>
    <subfield code="y">BB</subfield>
  </datafield>
  <datafield tag="952" ind1=" " ind2=" ">
    <subfield code="0">0</subfield>
    <subfield code="1">0</subfield>
    <subfield code="2">ddc</subfield>
    <subfield code="4">0</subfield>
    <subfield code="7">0</subfield>
    <subfield code="8">DarN.AR.</subfield>
    <subfield code="a">MAIN</subfield>
    <subfield code="b">MAIN</subfield>
    <subfield code="c">1ST</subfield>
    <subfield code="d">2017-02-08</subfield>
    <subfield code="e">Purchase</subfield>
    <subfield code="g">55.00</subfield>
    <subfield code="h">2815</subfield>
    <subfield code="o">344.6204194 &#x634; &#x647;&#x640; &#x627;</subfield>
    <subfield code="p">000045393</subfield>
    <subfield code="r">2025-07-15 00:00:00</subfield>
    <subfield code="s">2023-11-19</subfield>
    <subfield code="v">68.75</subfield>
    <subfield code="y">BB</subfield>
  </datafield>
</record>
